[Event "Peiraeus Summer"]
[Site "Piraeus"]
[Date "2013.08.17"]
[Round "4.4"]
[White "Petrakis, Andreas"]
[Black "Pesmatzoglou, Konstantinos"]
[Result "1-0"]
[WhiteElo "1795"]
[BlackElo "1700"]
[PlyCount "54"]
[EventDate "2013.08.14"]
[EventType "tourn"]
[EventRounds "9"]
[EventCountry "GRE"]
[SourceTitle "EXT 2024"]
[Source "ChessBase"]
[SourceDate "2023.10.10"]
[SourceVersion "1"]
[SourceVersionDate "2023.10.10"]
[SourceQuality "1"]

1. c4 e5 2. Nc3 Nc6 3. Nf3 Nf6 4. e3 d6 5. d4 e4 6. Ng5 h6 7. Ngxe4 Nxe4 8. Nxe4 d5 9. cxd5 Qxd5 10. Bd3 Nb4 11. a4 Nxd3+ 12. Qxd3 Qc6 13. 0-0 Be6 14. Bd2 Be7 15. Rac1 Qxa4 16. Rxc7 Qb3 17. Qxb3 Bxb3 18. Ra1 Bd5 19. f3 Bxe4 20. fxe4 f6 21. e5 fxe5 22. dxe5 Kf7 23. Bb4 Rhe8 24. Rxb7 Rab8 25. Rxb8 Rxb8 26. Bxe7 Kxe7 27. Rxa7+ Kf8 1-0

[Event "Peiraeus Summer"]
[Site "Piraeus"]
[Date "2013.08.16"]
[Round "2.3"]
[White "Kouvaras, Andreas"]
[Black "Pesmatzoglou, Konstantinos"]
[Result "1-0"]
[WhiteElo "1385"]
[BlackElo "1700"]
[PlyCount "121"]
[EventDate "2013.08.14"]
[EventType "tourn"]
[EventRounds "9"]
[EventCountry "GRE"]
[SourceTitle "EXT 2024"]
[Source "ChessBase"]
[SourceDate "2023.10.10"]
[SourceVersion "1"]
[SourceVersionDate "2023.10.10"]
[SourceQuality "1"]

1. b3 e5 2. Bb2 Nc6 3. e3 d5 4. d4 exd4 5. exd4 Be7 6. Nf3 Bg4 7. Bb5 Nf6 8. 0-0 Bb4 9. c3 Be7 10. Bxc6+ bxc6 11. Nbd2 Bh5 12. h3 Bxf3 13. Nxf3 Ne4 14. Re1 Nf6 15. Qc2 0-0 16. Ne5 Qd6 17. c4 dxc4 18. Nxc4 Qd7 19. Rac1 Bb4 20. Re2 Be7 21. Ne5 Qd6 22. Qxc6 Qxc6 23. Nxc6 Bd6 24. a4 Nd5 25. Rce1 Nf4 26. Re3 Ng6 27. g3 h5 28. d5 Rfc8 29. Nd4 Bb4 30. R1e2 Bc5 31. Re4 Bxd4 32. Bxd4 Rab8 33. R2e3 Rd8 34. Bxa7 Ra8 35. Bc5 Rxd5 36. Re8+ Rxe8 37. Rxe8+ Kh7 38. Be3 Rd3 39. Rb8 Ne7 40. b4 Ra3 41. a5 Nf5 42. b5 Nxe3 43. fxe3 Rxa5 44. b6 cxb6 45. Rxb6 Ra2 46. Rb7 Ra1+ 47. Kf2 Rh1 48. h4 Rh2+ 49. Kf3 Rd2 50. Rxf7 Rd5 51. e4 Rd6 52. Kf4 Rf6+ 53. Rxf6 gxf6 54. Kf5 Kg7 55. g4 hxg4 56. Kxg4 Kg6 57. h5+ Kf7 58. Kf5 Kg7 59. e5 Kh6 60. e6 Kxh5 61. e7 1-0

[Event "Peiraeus Summer"]
[Site "Piraeus"]
[Date "2013.08.14"]
[Round "1.2"]
[White "Pesmatzoglou, Konstantinos"]
[Black "Tromp, John Alexander"]
[Result "1/2-1/2"]
[WhiteElo "1700"]
[BlackElo "1507"]
[PlyCount "44"]
[EventDate "2013.08.14"]
[EventType "tourn"]
[EventRounds "9"]
[EventCountry "GRE"]
[SourceTitle "EXT 2024"]
[Source "ChessBase"]
[SourceDate "2023.10.10"]
[SourceVersion "1"]
[SourceVersionDate "2023.10.10"]
[SourceQuality "1"]

1. e4 c5 2. Nf3 Nc6 3. Bb5 e5 4. 0-0 d6 5. c3 Bg4 6. h3 Bxf3 7. Qxf3 Qd7 8. Bxc6 Qxc6 9. d4 exd4 10. cxd4 cxd4 11. Bf4 Ne7 12. Nd2 Ng6 13. Nb3 Nxf4 14. Qxf4 Be7 15. Rfd1 Bf6 16. Nxd4 Bxd4 17. Rxd4 Qb6 18. Rd5 Qxb2 19. Rdd1 Qe5 20. Qxe5+ dxe5 21. Rd5 f6 22. Rad1 0-0 1/2-1/2